000 00220 a2200097 4500
001 13357
100 _aToynbee, A
245 _aThe war the neutrals
260 _aLondon
_bOxford university press
_c
090 _c10373
_d10373
942 _aNUST-CAE
_cM
_c418
999 _c248430
_d248430